000
00292nam a22001217a 4500
008
180803b xxu||||| |||| 00| 0 eng d
082
_a
813.52
245
_a
The Bridges of Madison County
_c
Waller,R.J
260
_c
1992
300
_a
2
_f
Cassette
440
_x
9781558007376
942
_2
ddc
_c
MX
999
_c
46785
_d
46785